000 00558nam a2200181 a 4500
005 20210219160408.0
008 081103s1981 mx r 000 0 spa d
035 _aUPN01000164766
049 _aUNE
080 _a781 (866) GAB.
100 1 _aGabor, Charles G.
245 0 0 _aAntología :
_bintroducción a la música folklorica del Ecuador /
_cby Charles G. Gabor.
260 _aQuito :
_bBanco Central del Ecuador,
_c1981.
300 _a61 p.
500 _aPrograma Regional de Musicología.
690 _aMusica folklorica - Ecuador
905 _aUNESCO
999 _c136878
_d136878